States of Brazil by First Two Letters in 30 Seconds - Statistics

General Stats
  • This quiz has been taken 32 times
  • The average score is 21 of 27
Answers on the Map
Answers color-coded by a green-red scale on the quiz's map according to % correct below.
 
Answer Stats
State % Correct
Santa Catarina
100%
São Paulo
100%
Amapá
94%
Amazonas
94%
Bahia
89%
Rio de Janeiro
89%
Rio Grande do Norte
89%
Rio Grande do Sul
89%
Maranhão
83%
Mato Grosso
83%
Mato Grosso do Sul
83%
Tocantins
83%
Goiás
78%
Rondônia
78%
Roraima
78%
Pernambuco
72%
Acre
67%
Distrito Federal
67%
Minas Gerais
67%
Alagoas
61%
Ceará
61%
Espírito Santo
61%
Pará
61%
Paraíba
61%
Paraná
61%
Sergipe
61%
Piauí
56%
No matching quizzes found
Score Distribution
Percent of People with Each Score
Percentile by Number Answered
Your Score History
You have not taken this quiz